000 00328nam a22001577a 4500
020 _a81-204-0507-2
041 _aENG
100 _aSharma .R.K
245 _aIrrigation And Drainage Vol 1
250 _aVol 1
260 _aDelhi
_bOxford
_c1993
300 _a333
650 _aIDE
700 _aSharma .T.K
856 _uIDE
999 _c388
_d388